LEADER 00935nam a2200241 i 4500 001 991000434979707536 005 20020506130436.0 008 000908s1962 uk ||| | eng 035 $ab10699934-39ule_inst 035 $aEXGIL145426$9ExL 040 $aBiblioteca Interfacoltà$bita 082 0 $a823.8 100 1 $aHardy, Thomas$0142510 245 14$aThe trumpet-major :$bJohn Loveday, a soldier in the war with Buonaparte, and Robert his brother, first mate in the merchant service :$ba tale /$cThomas Hardy 260 $aLondon :$bMacmillan,$c1962 300 $aVIII, 371 p. ;$c17 cm. 440 4$aThe works of Thomas Hardy 907 $a.b10699934$b02-04-14$c28-06-02 912 $a991000434979707536 945 $aLE002 In. II L 17$g1$i2002000920768$lle002$o-$pE0.00$q-$rl$s- $t0$u0$v0$w0$x0$y.i10794888$z28-06-02 996 $aTrumpet-Major$999902 997 $aUNISALENTO 998 $ale002$b01-01-00$cm$da $e-$feng$guk $h4$i1